| Tag |
First Indicator |
Second Indicator |
Subfields |
| LEADER |
00000cam a2200000 4500 |
| 001 |
in00000080584 |
| 005 |
20151008052944.0 |
| 008 |
780124s1904 nyu b 00000 eng d |
| 010 |
|
|
|a 04034925
|
| 035 |
|
|
|a (OCoLC)03576903
|
| 035 |
|
|
|9 AAH5603AM
|
| 040 |
|
|
|a TLM
|c TLM
|d TXA
|d UtOrBLW
|
| 049 |
|
|
|a TXAM
|c [22429]
|
| 050 |
|
0 |
|a LC268
|b .G7
|
| 092 |
|
|
|a 377
|b G857m
|
| 100 |
1 |
|
|a Griggs, Edward Howard,
|d 1868-1951.
|
| 245 |
1 |
0 |
|a Moral education /
|c by Edward Howard Griggs.
|
| 264 |
|
1 |
|a New York :
|b B. W. Huebsch,
|c 1904.
|
| 300 |
|
|
|a 352 pages ;
|c 20 cm.
|
| 336 |
|
|
|a text
|b txt
|2 rdacontent
|
| 337 |
|
|
|a unmediated
|b n
|2 rdamedia
|
| 338 |
|
|
|a volume
|b nc
|2 rdacarrier
|
| 504 |
|
|
|a Bibliography: pages [297]-341.
|
| 650 |
|
0 |
|a Moral education.
|
| 999 |
|
|
|a MARS
|
| 999 |
f |
f |
|s 7afffae8-bae9-3772-a40f-013654eb68d3
|i f059e7c5-3c6a-3676-a5a1-3ab9ebc97c1f
|t 0
|
| 952 |
f |
f |
|p normal
|a Texas A&M University
|b College Station
|c Sterling C. Evans Library
|d Evans: Library Stacks
|t 0
|e LC268 .G7
|h Library of Congress classification
|i unmediated -- volume
|m A14800859503
|
| 998 |
f |
f |
|a LC268 .G7
|t 0
|l Evans: Library Stacks
|